Strategic marketing channel management.
| Main Author: | |
|---|---|
| Other Authors: | |
| Format: | Book |
| Published: |
New York:
McGraw-Hill,
1992.
|
| Subjects: |
| LEADER | 00471cam a2200169 7i4500 | ||
|---|---|---|---|
| 001 | 0000004014 | ||
| 005 | 19991025090000.0 | ||
| 002 | ##000005457 | ||
| 020 | 0 | 0 | |a 0-07-112916-2 |
| 090 | 0 | 0 | |a B 658.8 |b BOW |
| 100 | 1 | 0 | |a Bowersox |
| 245 | 0 | 0 | |a Strategic marketing channel management. |
| 260 | 0 | 0 | |a New York: |b McGraw-Hill, |c 1992. |
| 300 | 0 | 0 | |a 488 p.. |
| 650 | 0 | 0 | |a Marketing -- |x Management |
| 700 | 1 | 1 | |a Cooper, |h M. Bixby |
| 999 | |a 0000006281 |b Book |c Open shelf |e Business Information Centre | ||


